Guess the Gemstone by its Picture #2 - Statistics

General Stats
  • This quiz has been taken 13 times
  • The average score is 2 of 15
Answer Stats
Picture Answer % Correct
Star Ruby
70%
Star Sapphire
70%
Sodalite
50%
Almandine Garnet
10%
Chrome Diopside
10%
Tsavorite
10%
Bixbite
0%
Black Spinel
0%
Brown Zircon
0%
Kunzite
0%
Rhodonite
0%
Schorl Tourmaline
0%
Spectrolite
0%
Star Garnet
0%
Titanite
0%
No matching quizzes found
Score Distribution
Percent of People with Each Score
Percentile by Number Answered
Your Score History
You have not taken this quiz